| 000 | 00477ntaaa2200193 4500 | ||
|---|---|---|---|
| 003 | 01 | ||
| 005 | 20251027200758.0 | ||
| 008 | 0714s1973 ag 01 | ||
| 040 |
_aAR-BaBN _bspa _cAR-BaBN _eaacr _dRIC |
||
| 082 | _a783.952 Sm5 | ||
| 100 |
_aSmith, Gipsy _94059 |
||
| 245 |
_aWonderful Jesus and other songs / _cGipsy Smith |
||
| 250 | _a1 ed. | ||
| 260 |
_aChicago : _bBiglow-Main-Excell Co., _c1927 |
||
| 300 | _a224 p | ||
| 500 | _aHimnario | ||
| 650 | _aMusica | ||
| 942 | _cBK | ||
| 999 |
_c1987 _d1987 |
||